Điều bình dị thông thái

Đã lưu trong:
書目詳細資料
格式: 圖書
語言:Undetermined
出版: Tp. Hồ Chí Minh Trẻ 2012
主題:
標簽: 添加標簽
沒有標簽, 成為第一個標記此記錄!
Thư viện lưu trữ: Trung tâm Học liệu Trường Đại học Cần Thơ
LEADER 00533nam a2200181Ia 4500
001 CTU_180853
008 210402s9999 xx 000 0 und d
020 |c 38000 
082 |a 158.128 
082 |b Đ309 
245 0 |a Điều bình dị thông thái 
245 0 |c Tô Cẩm Duy, An Bình biên dịch 
260 |a Tp. Hồ Chí Minh 
260 |b Trẻ 
260 |c 2012 
650 |a Spiritual life,Đời sống tinh thần 
910 |a Nguyên 
980 |a Trung tâm Học liệu Trường Đại học Cần Thơ